Most popular City/County in Taiwan - Statistics

General Stats
  • This quiz has been taken 39 times
  • The average score is 10 of 14
Answer Stats
Population Answer % Correct
2,597,635 Taipei
97%
2,820,943 Taichung
94%
4,029,774 New Taipei
91%
2,269,216 Taoyuan
88%
2,764,291 Kaohsiung
85%
1,873,755 Tainan
82%
452,941 Yilan
74%
1,265,654 Changhua
65%
498,894 Chiayi
65%
542,127 Miaoli
65%
451,655 Hsinchu City
62%
570,982 Hsinchu County
62%
676,219 Yunlin
62%
811,978 Pingtung
53%
No matching quizzes found
Score Distribution
Percent of People with Each Score
Percentile by Number Answered
Your Score History
You have not taken this quiz